Proceedings of the Eastern Joint Computer Conference : Theme: Design and application of small digital computers. Papers and discussions presented at the Joint ACM-AIEE-IRE Computer Conference, Philadelphia, Pa., December 8-10, 1954. Sponsors: The Association for Computing Machinery; The American Institute of Electrical Engineers Committee on Computing Devices; The Institute of Radio Engineers Professional Group on Electronic Computers.

Guardado en:
Autores Corporativos: Association for Computing Machinery., American Institute of Electrical Engineers. Committee on Computing Devices., Institute of Radio Engineers. Professional Group on Electronic Computers.
Formato: Libro
Idioma:English
Publicado: New York : American Institute of Electrical Engineers, c1955.
Etiquetas: Agregar Etiqueta
Sin Etiquetas, Sea el primero en etiquetar este registro!
LEADER 01029nam a22001575a 4500
001 MAT.inmabb000932
008 031119s1955####nyu###########100#0#eng#d
005 20180612151824.0
245 1 0 |a Proceedings of the Eastern Joint Computer Conference :  |b Theme: Design and application of small digital computers. Papers and discussions presented at the Joint ACM-AIEE-IRE Computer Conference, Philadelphia, Pa., December 8-10, 1954. Sponsors: The Association for Computing Machinery; The American Institute of Electrical Engineers Committee on Computing Devices; The Institute of Radio Engineers Professional Group on Electronic Computers. 
260 |a New York :  |b American Institute of Electrical Engineers,  |c c1955. 
300 |a 92 p. ;  |c 28 cm. 
710 2 |a Association for Computing Machinery. 
710 2 |a American Institute of Electrical Engineers.  |b Committee on Computing Devices. 
710 2 |a Institute of Radio Engineers.  |b Professional Group on Electronic Computers. 
084 |a 68-XX  |2 msc2000 
859 |h 68  |i P963d-1954  |p A-769  |b BIB. MATEMATICA